000
00294nam a22001217a 4500
082
_a
920/AGA
100
_a
Agarwal, Dr. Beena
_9
81838
245
_a
Indian Women's Theatre Search Of A Tradition
260
_a
Jaipur
_b
Aadi Publication
_c
2018
300
_a
195
650
_a
Biography
942
_c
BK
999
_c
66015
_d
66015